000 00636cam4a220021700 4500
001 tmp15386812
003 UPRA
005 20190823101136.0
008 950801s1960 enk eng u
035 _a(Sirsi) r99474
035 _a(UPRA)tmp15386812
040 _cUPRA
100 1 _aSmith, F. V. (Frederick Viggers)
_qSmith, F. V. (Frederick Viggers)
_6A57939.1
245 1 0 _aExplanation of human behaviour.
250 _a2nd ed.
260 _aLondon :
_bConstable,
_c[1960]
504 _aIncludes bibliographies.
650 0 _aPsychology.
_6S698.1
949 _aBF121
_wlcc
_i33729000396742
_mMAIN
_tBOOK
_lON-SHELF
004 99474
999 _c146588
_d146588